000
00209 a2200097 4500
001
46910
100
_a
Selby P
245
_a
The stonewall brigade
260
_a
_b
Osprey publishing
_c
090
_c
29990
_d
29990
942
_a
NUST-CAE
_c
M
_c
22213
999
_c
281983
_d
281983